[Event "79th Hastings it"]
[Site "Hastings ENG"]
[Date "2003.12.28"]
[Round "1"]
[White "Gormally, Daniel"]
[WhiteTitle "IM"]
[WhiteElo "2471"]
[Black "Cherniaev, Alexander"]
[BlackTitle "IM"]
[BlackElo "2476"]
[Result "0-1"]
[PlyCount "90"]
[EventDate "2003.12.28"]

1. e4 e5 2. Nf3 Nc6 3. Bb5 Nf6 4. O-O Nxe4 5. d4 Be7 6. Qe2 Nd6 7. Bxc6 bxc6 8. dxe5 Nb7 9. Nd4 O-O 10. Nc3 Nc5 11. Rd1 Qe8 12. Nf5 Ne6 13. Ne4 Bd8 14. Qg4 f6 15. exf6 Bxf6 16. Nxf6+ Rxf6 17. Be3 d6 18. Re1 Qf8 19. Ng3 c5 20. c3 Rb8 21. b3 Qf7 22. Rad1 Bd7 23. Rd2 a5 24. Qc4 Bc6 25. Qa6 Qd7 26. Qc4 Kh8 27. Red1 Qe8 28. a3 Bb7 29. f3 Qc6 30. Ne4 Rg6 31. h4 Ba6 32. Qd5 Qxd5 33. Rxd5 Bb7 34. Rf5 Bxe4 35. fxe4 Rf6 36. Rdf1 Rxf5 37. exf5 Nf8 38. f6 gxf6 39. Rxf6 Kg7 40. Rf3 Rxb3 41. Bg5 Rxa3 42. Bf6+ Kg8 43. Be7 Nd7 44. Bd8 a4 45. Bxc7 Rb3 0-1

[Event "79th Hastings it"]
[Site "Hastings ENG"]
[Date "2003.12.28"]
[Round "1"]
[White "Kunte, Abhijit"]
[WhiteTitle "GM"]
[WhiteElo "2535"]
[Black "Hebden, Mark"]
[BlackTitle "GM"]
[BlackElo "2560"]
[Result "0-1"]
[PlyCount "144"]
[EventDate "2003.12.28"]

1. e4 e5 2. Nf3 Nc6 3. Bb5 a6 4. Ba4 Nf6 5. O-O Be7 6. Re1 b5 7. Bb3 O-O 8. d4 d6 9. c3 Bg4 10. Be3 exd4 11. cxd4 d5 12. e5 Ne4 13. Nc3 Nxc3 14. bxc3 f5 15. Bf4 Na5 16. Bc2 Nc4 17. Qd3 Bh5 18. e6 c6 19. Ne5 Nxe5 20. Bxe5 Bg6 21. Bf4 Qb6 22. Re3 Rac8 23. Rae1 Qa5 24. Bb3 Qa3 25. Qe2 Rce8 26. g3 Qa5 27. h4 h6 28. h5 Bh7 29. Qd1 Kh8 30. Qc1 Ba3 31. Qb1 Qd8 32. Bc2 Qf6 33. Qd1 Bg8 34. Qe2 Qe7 35. Bd3 c5 36. Re5 cxd4 37. cxd4 Bb4 38. Bd2 Bd6 39. Rxf5 Rxf5 40. Bxf5 Qf6 41. Bh3 Qxd4 42. Be3 Qf6 43. Qd2 Qf3 44. Qd1 Qxd1 45. Rxd1 Bxe6 46. Bxe6 Rxe6 47. Rxd5 Bxg3 48. a4 b4 49. fxg3 Rxe3 50. Kg2 Re8 51. Kf3 Rb8 52. Ke3 b3 53. Rd1 b2 54. Rb1 g6 55. g4 Kg7 56. Kd3 Kf6 57. Kc2 Kg5 58. a5 Rb5 59. Kc3 gxh5 60. gxh5 Kxh5 61. Kc2 Kg4 62. Rg1+ Kf3 63. Kb1 h5 64. Rg6 Rxa5 65. Kxb2 h4 66. Rf6+ Kg4 67. Rg6+ Rg5 68. Rxa6 h3 69. Ra4+ Kg3 70. Ra3+ Kg2 71. Rd3 h2 72. Rd2+ Kh3 0-1

[Event "79th Hastings it"]
[Site "Hastings ENG"]
[Date "2003.12.29"]
[Round "2"]
[White "Hebden, Mark"]
[WhiteTitle "GM"]
[WhiteElo "2560"]
[Black "Conquest, Stuart"]
[BlackTitle "GM"]
[BlackElo "2545"]
[Result "1-0"]
[PlyCount "59"]
[EventDate "2003.12.28"]

1. d4 d5 2. c4 e6 3. Nf3 c5 4. cxd5 exd5 5. Bg5 Be7 6. Bxe7 Nxe7 7. dxc5 Qa5+ 8. Nc3 Nbc6 9. e3 Qxc5 10. Be2 O-O 11. O-O Bg4 12. Rc1 Rfd8 13. Nd4 Bxe2 14. Qxe2 Qa5 15. Nb3 Qb4 16. Rfd1 Rac8 17. h3 h6 18. Rc2 Qb6 19. Rcd2 Nb4 20. Nd4 Rd7 21. Qg4 Rcd8 22. e4 Rd6 23. e5 Rg6 24. Qh4 Re8 25. Ncb5 Nbc6 26. Nd6 Rf8 27. b3 Nxe5 28. Qxe7 Qxd6 29. Qxb7 Rg5 30. f4 1-0

[Event "79th Hastings it"]
[Site "Hastings ENG"]
[Date "2003.12.29"]
[Round "2"]
[White "Kotronias, Vasilios"]
[WhiteTitle "GM"]
[WhiteElo "2626"]
[Black "Gormally, Daniel"]
[BlackTitle "IM"]
[BlackElo "2471"]
[Result "1-0"]
[PlyCount "57"]
[EventDate "2003.12.28"]

1. e4 e5 2. Nf3 Nc6 3. Bb5 Nf6 4. O-O Nxe4 5. d4 Nd6 6. Bxc6 dxc6 7. dxe5 Ne4 8. Qe2 Bf5 9. Rd1 Qe7 10. Nd4 Bg6 11. Nc3 Nc5 12. f4 Ne6 13. Be3 Nxd4 14. Rxd4 h5 15. Qf2 Qe6 16. Ne2 Bc5 17. Rd2 Bxe3 18. Qxe3 O-O 19. Nd4 Qd7 20. Rf1 Bf5 21. Rff2 g6 22. h3 h4 23. Rfe2 c5 24. Nf3 Qe7 25. Qf2 Rad8 26. Ng5 Rxd2 27. Rxd2 f6 28. exf6 Rxf6 29. Re2 1-0

[Event "79th Hastings it"]
[Site "Hastings ENG"]
[Date "2003.12.29"]
[Round "2"]
[White "Rowson, Jonathan"]
[WhiteTitle "GM"]
[WhiteElo "2541"]
[Black "Kunte, Abhijit"]
[BlackTitle "GM"]
[BlackElo "2535"]
[Result "1/2-1/2"]
[PlyCount "40"]
[EventDate "2003.12.28"]

1. d4 Nf6 2. c4 e6 3. Nc3 Bb4 4. Qc2 O-O 5. e4 d5 6. e5 Ne4 7. a3 Bxc3+ 8. bxc3 c5 9. Bd3 cxd4 10. cxd4 Qa5+ 11. Kf1 f6 12. exf6 Nxf6 13. Bd2 Qd8 14. Nf3 Nc6 15. Kg1 Bd7 16. c5 Qc7 17. Re1 Rae8 18. Bb5 Nd8 19. Bd3 Nc6 20. Bb5 Nd8 1/2-1/2

[Event "79th Hastings it"]
[Site "Hastings ENG"]
[Date "2003.12.30"]
[Round "3"]
[White "Conquest, Stuart"]
[WhiteTitle "GM"]
[WhiteElo "2545"]
[Black "Rowson, Jonathan"]
[BlackTitle "GM"]
[BlackElo "2541"]
[Result "1/2-1/2"]
[PlyCount "94"]
[EventDate "2003.12.28"]

1. e4 c5 2. Nf3 d6 3. Nc3 Nf6 4. e5 dxe5 5. Nxe5 Nbd7 6. Nc4 Nb6 7. Nxb6 Qxb6 8. Bb5+ Bd7 9. Bxd7+ Nxd7 10. O-O e6 11. b3 Be7 12. Bb2 Qc6 13. Qg4 Nf6 14. Qh3 O-O-O 15. d3 h5 16. a4 a6 17. a5 h4 18. Na4 Nd5 19. f4 f5 20. Rae1 Bf6 21. Be5 Bxe5 22. Rxe5 Qd6 23. Qf3 g5 24. Rfe1 Nxf4 25. Nxc5 Rh7 26. Qf2 Re7 27. b4 Rde8 28. h3 Kb8 29. d4 Ng6 30. R5e2 g4 31. hxg4 fxg4 32. Qf6 Nf4 33. Re4 Nd5 34. Qxh4 g3 35. b5 axb5 36. Rg4 e5 37. Qxg3 Nf6 38. Rh4 Rg8 39. Qf3 exd4 40. Rxe7 Qxe7 41. Nd3 Qe3+ 42. Kf1 Nd5 43. Qxd5 Rf8+ 44. Rf4 Rxf4+ 45. Nxf4 Qc1+ 46. Ke2 Qe3+ 47. Kd1 Qg1+ 1/2-1/2

[Event "79th Hastings it"]
[Site "Hastings ENG"]
[Date "2003.12.30"]
[Round "3"]
[White "Gormally, Daniel"]
[WhiteTitle "IM"]
[WhiteElo "2471"]
[Black "Hebden, Mark"]
[BlackTitle "GM"]
[BlackElo "2560"]
[Result "1-0"]
[PlyCount "83"]
[EventDate "2003.12.28"]

1. e4 e5 2. Nf3 Nc6 3. Bb5 a6 4. Ba4 Nf6 5. O-O Be7 6. Re1 b5 7. Bb3 O-O 8. d4 d6 9. c3 Bg4 10. Be3 exd4 11. cxd4 d5 12. e5 Ne4 13. h3 Bh5 14. Nc3 Bb4 15. Nxd5 Bxe1 16. Qxe1 a5 17. a3 a4 18. Ba2 Bxf3 19. gxf3 Ng5 20. Kg2 Ne6 21. Rd1 Qh4 22. f4 Na5 23. f5 Nc4 24. Bxc4 Ng5 25. Be2 Qxh3+ 26. Kg1 Nf3+ 27. Bxf3 Qxf3 28. Ne7+ Kh8 29. Rc1 Rfe8 30. Rxc7 b4 31. Qxb4 Qg4+ 32. Kf1 Rab8 33. Qxa4 Qh4 34. Qc6 Qg4 35. b4 Qd1+ 36. Kg2 Qg4+ 37. Kh2 Qh4+ 38. Kg1 h6 39. f6 Qg4+ 40. Qg2 Qd1+ 41. Kh2 gxf6 42. Ng6+ 1-0

[Event "79th Hastings it"]
[Site "Hastings ENG"]
[Date "2003.12.30"]
[Round "3"]
[White "Kunte, Abhijit"]
[WhiteTitle "GM"]
[WhiteElo "2535"]
[Black "Epishin, Vladimir"]
[BlackTitle "GM"]
[BlackElo "2658"]
[Result "1/2-1/2"]
[PlyCount "36"]
[EventDate "2003.12.28"]

1. d4 d5 2. c4 c6 3. e3 Nf6 4. Nc3 a6 5. Nf3 b5 6. b3 Bg4 7. Be2 e6 8. O-O Nbd7 9. h3 Bh5 10. Bb2 Qb8 11. Ne5 Bxe2 12. Qxe2 Nxe5 13. dxe5 Nd7 14. cxd5 cxd5 15. Rad1 Be7 16. Qg4 g6 17. f4 Ra7 18. Ne2 Ra8 1/2-1/2

[Event "79th Hastings it"]
[Site "Hastings ENG"]
[Date "2003.12.31"]
[Round "4"]
[White "Epishin, Vladimir"]
[WhiteTitle "GM"]
[WhiteElo "2658"]
[Black "Conquest, Stuart"]
[BlackTitle "GM"]
[BlackElo "2545"]
[Result "1-0"]
[PlyCount "71"]
[EventDate "2003.12.28"]

1. d4 Nf6 2. c4 g6 3. Nc3 Bg7 4. e4 d6 5. Nf3 O-O 6. Be2 Bg4 7. Be3 Nfd7 8. O-O Nc6 9. g3 Nb6 10. b3 e6 11. Rc1 d5 12. cxd5 exd5 13. exd5 Ne7 14. Bg5 f6 15. Bd2 Nbxd5 16. Nxd5 Nxd5 17. Ne1 Bxe2 18. Qxe2 Qd6 19. Qc4 Kh8 20. Nd3 Rad8 21. Rfe1 c6 22. Nc5 Nb6 23. Qe2 Rf7 24. Bf4 Qd5 25. a4 g5 26. Bd2 Qf5 27. Ne6 Rg8 28. a5 Nd5 29. a6 Bh6 30. axb7 Rxb7 31. Rxc6 Nf4 32. Nxf4 gxf4 33. Qe6 Qxe6 34. Rcxe6 Rxb3 35. Rxf6 Bg5 36. Rf5 1-0

[Event "79th Hastings it"]
[Site "Hastings ENG"]
[Date "2003.12.31"]
[Round "4"]
[White "Hebden, Mark"]
[WhiteTitle "GM"]
[WhiteElo "2560"]
[Black "Cherniaev, Alexander"]
[BlackTitle "IM"]
[BlackElo "2476"]
[Result "1/2-1/2"]
[PlyCount "61"]
[EventDate "2003.12.28"]

1. d4 f5 2. Bg5 h6 3. Bh4 g5 4. e3 Nf6 5. Bg3 d6 6. Nd2 e6 7. h4 Rg8 8. hxg5 hxg5 9. c3 Qe7 10. Bc4 Nc6 11. b4 Bd7 12. Ne2 Nd8 13. Qc2 Nf7 14. Bd3 Bg7 15. O-O-O O-O-O 16. c4 Kb8 17. Nc3 Ng4 18. Nb3 Nfh6 19. c5 Bc8 20. c6 b6 21. Kb1 Qe8 22. d5 Bxc3 23. Qxc3 exd5 24. Nd4 Rh8 25. Qa3 Ne5 26. b5 Nxd3 27. Rxd3 Ng4 28. Rc1 Ne5 29. Bxe5 dxe5 30. Nc2 Qe6 31. Nb4 1/2-1/2

[Event "79th Hastings it"]
[Site "Hastings ENG"]
[Date "2003.12.31"]
[Round "4"]
[White "Rowson, Jonathan"]
[WhiteTitle "GM"]
[WhiteElo "2541"]
[Black "Gormally, Daniel"]
[BlackTitle "IM"]
[BlackElo "2471"]
[Result "1-0"]
[PlyCount "103"]
[EventDate "2003.12.28"]

1. e4 e5 2. Nf3 Nc6 3. Bb5 a6 4. Bxc6 dxc6 5. O-O f6 6. d4 exd4 7. Nxd4 c5 8. Ne2 Qxd1 9. Rxd1 Bd7 10. Nbc3 O-O-O 11. Be3 b6 12. a4 a5 13. Rd2 Bd6 14. Rad1 Bc6 15. Bf4 Be7 16. Nd5 Bxd5 17. Rxd5 Rxd5 18. Rxd5 Bd8 19. Nc3 Ne7 20. Rd2 Ng6 21. Bg3 h5 22. h4 Rf8 23. Rd5 f5 24. Rxf5 Rxf5 25. exf5 Ne7 26. f6 gxf6 27. Ne2 Ng6 28. Nf4 Nxf4 29. Bxf4 Kd7 30. f3 Ke6 31. c4 f5 32. g3 c6 33. Kg2 b5 34. b3 bxc4 35. bxc4 Bf6 36. Bd2 Bd8 37. Bc3 Bc7 38. Kh3 Kf7 39. Bd2 Kg6 40. Be3 Bd6 41. Bg5 Be5 42. Be7 Bd4 43. Bd8 Bc3 44. Bb6 Bb4 45. g4 Bc3 46. Bxc5 Be1 47. Bd6 Bc3 48. Bc7 fxg4+ 49. fxg4 Be1 50. Bd8 Kh6 51. Be7 Kg6 52. Bg5 1-0

[Event "79th Hastings it"]
[Site "Hastings ENG"]
[Date "2004.01.01"]
[Round "5"]
[White "Cherniaev, Alexander"]
[WhiteTitle "IM"]
[WhiteElo "2476"]
[Black "Rowson, Jonathan"]
[BlackTitle "GM"]
[BlackElo "2541"]
[Result "1/2-1/2"]
[PlyCount "70"]
[EventDate "2003.12.28"]

1. e4 c5 2. c3 d5 3. exd5 Qxd5 4. d4 Nf6 5. Nf3 Bg4 6. dxc5 Qxc5 7. Na3 a6 8. Be3 Qc7 9. h3 Bh5 10. g4 Bg6 11. g5 Nfd7 12. Nc4 b5 13. Qd5 Qc6 14. Qxc6 Nxc6 15. Ncd2 e6 16. Nh4 Bc5 17. Nxg6 hxg6 18. Bf4 Nde5 19. Bg3 Ke7 20. Bg2 Rac8 21. Ke2 Rhd8 22. Rhd1 Bb6 23. a4 b4 24. a5 Ba7 25. Ra4 Rd7 26. Bxe5 Nxe5 27. Rxb4 Nd3 28. Rb7 Nf4+ 29. Kf1 Rxb7 30. Bxb7 Rb8 31. Bc6 Rxb2 32. Ne4 e5 33. f3 Be3 34. Rd7+ Ke6 35. Rd6+ Ke7 1/2-1/2

[Event "79th Hastings it"]
[Site "Hastings ENG"]
[Date "2004.01.01"]
[Round "5"]
[White "Gormally, Daniel"]
[WhiteTitle "IM"]
[WhiteElo "2471"]
[Black "Epishin, Vladimir"]
[BlackTitle "GM"]
[BlackElo "2658"]
[Result "1/2-1/2"]
[PlyCount "52"]
[EventDate "2003.12.28"]

1. d4 d5 2. c4 c6 3. Nf3 Nf6 4. Nc3 a6 5. e3 b5 6. b3 Bg4 7. h3 Bxf3 8. gxf3 Nbd7 9. f4 g6 10. c5 e6 11. Bd3 Bg7 12. Bd2 Ng8 13. Ne2 a5 14. h4 h5 15. Ng1 Ne7 16. Nf3 Nf5 17. a3 Bf6 18. Qc2 Qe7 19. Ng5 O-O 20. O-O-O Rfb8 21. Rdg1 Kf8 22. Bxf5 exf5 23. Nh7+ Ke8 24. Nxf6+ Nxf6 25. f3 a4 26. b4 Kd7 1/2-1/2

[Event "79th Hastings it"]
[Site "Hastings ENG"]
[Date "2004.01.02"]
[Round "6"]
[White "Epishin, Vladimir"]
[WhiteTitle "GM"]
[WhiteElo "2658"]
[Black "Cherniaev, Alexander"]
[BlackTitle "IM"]
[BlackElo "2476"]
[Result "1-0"]
[PlyCount "67"]
[EventDate "2003.12.28"]

1. Nf3 d5 2. d4 c6 3. c4 Nf6 4. e3 e6 5. Bd3 a6 6. O-O c5 7. b3 Nc6 8. Bb2 Be7 9. cxd5 exd5 10. Nbd2 Bg4 11. dxc5 Bxc5 12. h3 Bh5 13. a3 Bb6 14. b4 O-O 15. Qb3 d4 16. e4 Nd7 17. Bc4 Nde5 18. Bd5 Nxf3+ 19. Nxf3 Qd7 20. Rfd1 Rfe8 21. Rd3 Bg6 22. Re1 Rad8 23. Qd1 Qe7 24. Rd2 Ba7 25. Bxc6 bxc6 26. Bxd4 Bb8 27. Bc5 Rxd2 28. Qxd2 Qe6 29. e5 h6 30. Qe3 Qd5 31. Qd4 Qe6 32. Bd6 Qb3 33. Qb6 Bxd6 34. Qxc6 1-0

[Event "79th Hastings it"]
[Site "Hastings ENG"]
[Date "2004.01.02"]
[Round "6"]
[White "Kunte, Abhijit"]
[WhiteTitle "GM"]
[WhiteElo "2535"]
[Black "Conquest, Stuart"]
[BlackTitle "GM"]
[BlackElo "2545"]
[Result "1/2-1/2"]
[PlyCount "38"]
[EventDate "2003.12.28"]

1. d4 Nf6 2. c4 c6 3. Nc3 d5 4. e3 g6 5. Nf3 Bg7 6. Bd3 O-O 7. O-O Bg4 8. h3 Bxf3 9. Qxf3 Qd6 10. Bd2 a6 11. Rac1 Nbd7 12. Qe2 dxc4 13. Bxc4 e5 14. dxe5 Nxe5 15. Rfd1 Nxc4 16. Qxc4 Rad8 17. Be1 Qc7 18. Qb3 Rfe8 19. Ne2 Ne4 1/2-1/2

[Event "79th Hastings it"]
[Site "Hastings ENG"]
[Date "2004.01.02"]
[Round "6"]
[White "Nielsen, Peter Heine"]
[WhiteTitle "GM"]
[WhiteElo "2626"]
[Black "Gormally, Daniel"]
[BlackTitle "IM"]
[BlackElo "2471"]
[Result "1/2-1/2"]
[PlyCount "64"]
[EventDate "2003.12.28"]

1. d4 Nf6 2. c4 e6 3. Nf3 b6 4. g3 Ba6 5. Qb3 Nc6 6. Nbd2 Bb4 7. Bg2 Bb7 8. d5 Bxd2+ 9. Nxd2 Ne7 10. e4 exd5 11. cxd5 O-O 12. O-O d6 13. Nc4 Nd7 14. Be3 a5 15. Rfd1 Ng6 16. Rac1 f5 17. exf5 Rxf5 18. Bh3 Rf8 19. Be6+ Kh8 20. f4 Ne7 21. Bf2 Nf6 22. Ne3 Ne4 23. Ng4 Bc8 24. Qc2 Nc5 25. Bxc5 bxc5 26. Ne3 Nc6 27. Qe4 Nd4 28. Nc2 Nxc2 29. Rxc2 Qf6 30. Re2 Ba6 31. Rf2 Rab8 32. Rdd2 Rb4 1/2-1/2

[Event "79th Hastings it"]
[Site "Hastings ENG"]
[Date "2004.01.02"]
[Round "6"]
[White "Rowson, Jonathan"]
[WhiteTitle "GM"]
[WhiteElo "2541"]
[Black "Kotronias, Vasilios"]
[BlackTitle "GM"]
[BlackElo "2626"]
[Result "1/2-1/2"]
[PlyCount "47"]
[EventDate "2003.12.28"]

1. d4 Nf6 2. c4 g6 3. Nc3 Bg7 4. e4 d6 5. f3 O-O 6. Be3 c5 7. dxc5 dxc5 8. Qxd8 Rxd8 9. Bxc5 Nc6 10. Ba3 a5 11. Rd1 Be6 12. Nd5 Nb4 13. Nxe7+ Kh8 14. Nd5 Nc2+ 15. Kf2 Nxa3 16. bxa3 b5 17. a4 bxa4 18. Ne2 Rab8 19. Nc1 Rb2+ 20. Be2 Rc8 21. Ne7 Re8 22. Nd5 Rc8 23. Ne7 Re8 24. Nd5 1/2-1/2

[Event "79th Hastings it"]
[Site "Hastings ENG"]
[Date "2004.01.03"]
[Round "7"]
[White "Cherniaev, Alexander"]
[WhiteTitle "IM"]
[WhiteElo "2476"]
[Black "Nielsen, Peter Heine"]
[BlackTitle "GM"]
[BlackElo "2626"]
[Result "0-1"]
[PlyCount "60"]
[EventDate "2003.12.28"]

1. e4 c6 2. d4 d5 3. exd5 cxd5 4. c4 Nf6 5. Nc3 e6 6. Nf3 Bb4 7. cxd5 Nxd5 8. Bd2 Nc6 9. Bd3 Be7 10. O-O O-O 11. Qe2 Qb6 12. a3 Rd8 13. Rad1 Qxb2 14. Nb5 a6 15. Rb1 Qa2 16. Ra1 Qb3 17. Rfb1 Qa4 18. Nc3 Qa5 19. Nb5 Qb6 20. Nd6 Qc7 21. Nxf7 Kxf7 22. Bxh7 Rh8 23. Qe4 Nf6 24. Qg6+ Kf8 25. Ng5 Bd6 26. Re1 Nxd4 27. Rac1 Qe7 28. Bc3 Nxh7 29. Nxh7+ Kg8 30. Ng5 Rh6 0-1

[Event "79th Hastings it"]
[Site "Hastings ENG"]
[Date "2004.01.03"]
[Round "7"]
[White "Gormally, Daniel"]
[WhiteTitle "IM"]
[WhiteElo "2471"]
[Black "Kunte, Abhijit"]
[BlackTitle "GM"]
[BlackElo "2535"]
[Result "1/2-1/2"]
[PlyCount "108"]
[EventDate "2003.12.28"]

1. e4 c5 2. Nf3 e6 3. d4 cxd4 4. Nxd4 Nf6 5. Nc3 d6 6. f4 Nc6 7. Nb3 a6 8. Be3 b5 9. a3 Bb7 10. Be2 Be7 11. O-O O-O 12. Qd2 Qc7 13. Bf3 Rfe8 14. Rad1 Rac8 15. g4 Rcd8 16. g5 Nd7 17. Qf2 b4 18. axb4 Nxb4 19. Rd4 Nc6 20. Rc4 Bf8 21. Nd4 Rc8 22. Ra1 Nxd4 23. Rxc7 Nxf3+ 24. Qxf3 Rxc7 25. Rd1 Nc5 26. Rd4 Nd7 27. Rd3 Nc5 28. Bxc5 Rxc5 29. Qd1 Rec8 30. Rxd6 Bxd6 31. Qxd6 g6 32. Kf2 Rxc3 33. bxc3 Bxe4 34. Ke3 Bd5 35. Qxa6 Rxc3+ 36. Kd2 Rc4 37. Qd6 Re4 38. Qd8+ Kg7 39. Qf6+ Kg8 40. Kd3 Rc4 41. h4 Rc8 42. c3 Ba2 43. Ke3 Bb3 44. Kf2 Bd5 45. Kg3 Ra8 46. h5 gxh5 47. Kh4 Ra1 48. f5 Rf1 49. Qd8+ Kg7 50. c4 Rf4+ 51. Kh3 Rf3+ 52. Kh2 Rf2+ 53. Kg1 Rxf5 54. cxd5 Rxd5 1/2-1/2

[Event "79th Hastings it"]
[Site "Hastings ENG"]
[Date "2004.01.03"]
[Round "7"]
[White "Hebden, Mark"]
[WhiteTitle "GM"]
[WhiteElo "2560"]
[Black "Rowson, Jonathan"]
[BlackTitle "GM"]
[BlackElo "2541"]
[Result "0-1"]
[PlyCount "90"]
[EventDate "2003.12.28"]

1. d4 Nf6 2. Nf3 g6 3. Nc3 d5 4. Bf4 Bg7 5. e3 O-O 6. Be2 c5 7. Ne5 cxd4 8. exd4 Nfd7 9. Qd2 Nxe5 10. dxe5 d4 11. Nb5 Nc6 12. O-O-O Qd5 13. c4 Qxg2 14. h4 Bf5 15. Nxd4 Qe4 16. Nxf5 Qxf5 17. Bd3 Qe6 18. Rhe1 Rfd8 19. Qc3 Rd4 20. Be3 Rxh4 21. f4 Bh6 22. Qd2 Rd8 23. Qf2 Qh3 24. Kb1 Bxf4 25. e6 f6 26. Bxf4 Rxd3 27. Rxd3 Qxd3+ 28. Ka1 Nd4 29. Rc1 Rh5 30. b3 Rf5 31. Qd2 Qxd2 32. Bxd2 Nxe6 33. Be3 b6 34. b4 Re5 35. Bg1 Kf7 36. Kb2 Nf4 37. Rd1 Ke8 38. c5 bxc5 39. Bxc5 a6 40. Kb3 Rd5 41. Rc1 Nd3 42. Rc2 Nxc5+ 43. bxc5 Kd7 44. Kb4 Kc6 45. a4 h5 0-1

[Event "79th Hastings it"]
[Site "Hastings ENG"]
[Date "2004.01.04"]
[Round "8"]
[White "Conquest, Stuart"]
[WhiteTitle "GM"]
[WhiteElo "2545"]
[Black "Gormally, Daniel"]
[BlackTitle "IM"]
[BlackElo "2471"]
[Result "1-0"]
[PlyCount "99"]
[EventDate "2003.12.28"]

1. d4 Nf6 2. c4 e6 3. Nc3 Bb4 4. e3 c5 5. Nge2 cxd4 6. exd4 d5 7. c5 O-O 8. a3 Bxc3+ 9. Nxc3 b6 10. Be2 bxc5 11. dxc5 Ba6 12. O-O Bxe2 13. Qxe2 Nc6 14. b4 Nd4 15. Qb2 Nf5 16. Bf4 Nh5 17. Bd2 Qf6 18. Rae1 Nh4 19. f3 Nf4 20. Bxf4 Qxf4 21. Ne2 Qg5 22. Ng3 Ng6 23. Qd4 Nf4 24. Kh1 Rae8 25. Rg1 e5 26. Qd1 Qg6 27. Ne2 Nd3 28. Ref1 a5 29. Nc1 Nf4 30. b5 d4 31. c6 Re6 32. g3 Nd5 33. Qd3 Nc3 34. a4 Nxa4 35. Qxg6 fxg6 36. Nd3 Nb6 37. Rf2 g5 38. Re1 g4 39. f4 e4 40. Nc5 Rd6 41. Rxe4 Rd5 42. Nd3 a4 43. Rc2 a3 44. Ra2 Nc4 45. b6 Rb5 46. b7 Rb6 47. Re6 Ne3 48. h3 Kf7 49. Re4 Kf6 50. Rxa3 1-0

[Event "79th Hastings it"]
[Site "Hastings ENG"]
[Date "2004.01.04"]
[Round "8"]
[White "Kunte, Abhijit"]
[WhiteTitle "GM"]
[WhiteElo "2535"]
[Black "Cherniaev, Alexander"]
[BlackTitle "IM"]
[BlackElo "2476"]
[Result "1-0"]
[PlyCount "107"]
[EventDate "2003.12.28"]

1. d4 f5 2. g3 Nf6 3. Bg2 d6 4. Nf3 g6 5. O-O Bg7 6. b3 O-O 7. Bb2 c6 8. Nbd2 Na6 9. c4 Rb8 10. a3 b5 11. Qc2 Bd7 12. Bc3 bxc4 13. bxc4 c5 14. d5 Nc7 15. Rab1 Rb6 16. Ne1 Rxb1 17. Qxb1 Na8 18. Nd3 Nb6 19. Qc2 e5 20. dxe6 Bxe6 21. Nf4 Bf7 22. h4 Ng4 23. Bxg7 Kxg7 24. e4 Qf6 25. exf5 Qxf5 26. Ne4 Nxc4 27. Rd1 Nf6 28. Rc1 Re8 29. Nxf6 Qxf6 30. Bd5 Nb6 31. Bxf7 Kxf7 32. Qd2 Re4 33. Qa5 Re7 34. Rd1 Qe5 35. a4 c4 36. Qb4 Qc5 37. Qc3 Re5 38. Qf3 Kg8 39. a5 Nd7 40. Qb7 Nf8 41. Nd5 Re6 42. Ne7+ Kh8 43. Nd5 Kg8 44. h5 gxh5 45. Ne7+ Kh8 46. Qf3 Kg7 47. Rd5 Qb4 48. Rg5+ Ng6 49. Nf5+ Kg8 50. Qa8+ Kf7 51. Qxa7+ Kf6 52. Rxh5 Qe1+ 53. Kh2 Ne7 54. Qd4+ 1-0

[Event "79th Hastings it"]
[Site "Hastings ENG"]
[Date "2004.01.05"]
[Round "9"]
[White "Cherniaev, Alexander"]
[WhiteTitle "IM"]
[WhiteElo "2476"]
[Black "Conquest, Stuart"]
[BlackTitle "GM"]
[BlackElo "2545"]
[Result "1-0"]
[PlyCount "175"]
[EventDate "2003.12.28"]

1. e4 c5 2. c3 d6 3. d4 Nf6 4. dxc5 Nc6 5. Qc2 dxc5 6. Nf3 Qc7 7. h3 e6 8. Be3 Be7 9. Nbd2 O-O 10. Be2 b6 11. O-O Bb7 12. Rfe1 h6 13. Bf1 Rad8 14. g3 Qc8 15. Bf4 Nh5 16. Be3 Nf6 17. Rad1 Bd6 18. Bg2 Bc7 19. Nf1 Qa8 20. N3h2 Ne7 21. f3 Ng6 22. Bf2 h5 23. h4 Qb8 24. Qe2 Rxd1 25. Rxd1 Rd8 26. Rxd8+ Qxd8 27. Nd2 Ne5 28. Bf1 Qd7 29. Nc4 Ng6 30. Qd2 Qe8 31. Be2 Qc6 32. Qc2 b5 33. Nd2 Nd7 34. Nhf1 Nge5 35. Ne3 c4 36. b4 a5 37. a3 Nb6 38. Nef1 Na4 39. Bd4 Qd7 40. f4 Nc6 41. Bf2 axb4 42. axb4 Ne7 43. Bxh5 e5 44. f5 Qd3 45. Qxd3 cxd3 46. Bf3 Nxc3 47. Bc5 Nc6 48. Ne3 Na4 49. Nd5 Bb8 50. Nb3 Nd4 51. Nxd4 exd4 52. Kf2 Be5 53. Ke1 Bxg3+ 54. Kd2 Be5 55. Kxd3 Nb2+ 56. Kd2 Kh7 57. Be7 Nc4+ 58. Ke2 f6 59. Bc5 Kh6 60. Kd3 Nb2+ 61. Kd2 Bc6 62. Bf8 Be8 63. Be2 Kh7 64. Nb6 g5 65. hxg5 fxg5 66. Nd5 Bc6 67. Bf3 Nc4+ 68. Ke2 Nb2 69. Bc5 Nc4 70. Be7 Kh6 71. Nf6 Kg7 72. Ng4 Kf7 73. Bxg5 Bd6 74. Bd2 Nxd2 75. Kxd2 Bxb4+ 76. Kd3 Bb7 77. Kxd4 Bf8 78. Be2 b4 79. Bc4+ Kg7 80. Ne5 Be7 81. Nd7 Bc6 82. Nb6 Bd8 83. Nc8 Ba4 84. e5 b3 85. f6+ Kg6 86. Bd3+ Kf7 87. Nd6+ Ke6 88. Bf5# 1-0

[Event "79th Hastings it"]
[Site "Hastings ENG"]
[Date "2004.01.05"]
[Round "9"]
[White "Gormally, Daniel"]
[WhiteTitle "IM"]
[WhiteElo "2471"]
[Black "Lagno, Kateryna"]
[BlackTitle "IM"]
[BlackElo "2486"]
[Result "1/2-1/2"]
[PlyCount "51"]
[EventDate "2003.12.28"]

1. d4 Nf6 2. Nf3 e6 3. c4 b6 4. g3 Bb7 5. Bg2 Be7 6. O-O O-O 7. Nc3 Ne4 8. Bd2 f5 9. Qc2 Bf6 10. Rad1 Nxc3 11. Bxc3 Be4 12. Qa4 d5 13. Bh3 dxc4 14. Nd2 Bd5 15. Nxc4 Bc6 16. Qb3 Qd5 17. e4 Qxe4 18. d5 exd5 19. Ne3 Ba4 20. Qxd5+ Qxd5 21. Nxd5 Bxc3 22. Nxc7 Bxd1 23. Rxd1 Bxb2 24. Nxa8 Na6 25. Bf1 Rxa8 26. Bxa6 1/2-1/2

[Event "79th Hastings it"]
[Site "Hastings ENG"]
[Date "2004.01.05"]
[Round "9"]
[White "Kotronias, Vasilios"]
[WhiteTitle "GM"]
[WhiteElo "2626"]
[Black "Kunte, Abhijit"]
[BlackTitle "GM"]
[BlackElo "2535"]
[Result "1/2-1/2"]
[PlyCount "26"]
[EventDate "2003.12.28"]

1. e4 e5 2. Nf3 Nc6 3. Bb5 Nf6 4. O-O Nxe4 5. d4 Nd6 6. Bxc6 dxc6 7. dxe5 Nf5 8. Qxd8+ Kxd8 9. Nc3 Bd7 10. b3 Kc8 11. Bb2 Be7 12. Rad1 a5 13. h3 h5 1/2-1/2